Przetłumacz państwa z niemieckiego na polski - Statystyki

Ogólne statystyki
  • Ten quiz został rozwiązany 3 753 razy
  • Średni wynik to 17 z 21
Statystyki odpowiedzi
Niemiecki Polski % Poprawnych
Deutschland Niemcy
100%
Frankreich Francja
98%
Kenia Kenia
97%
Polen Polska
97%
Kolumbien Kolumbia
96%
Island Islandia
95%
Schweiz Szwajcaria
95%
Jemen Jemen
94%
Kambodscha Kambodża
92%
Kamerun Kamerun
92%
Österreich Austria
91%
Ägypten Egipt
88%
Vereinigte Staaten Stany Zjednoczone
83%
Fidschi Fidżi
77%
Zypern Cypr
69%
Estland Estonia
64%
Tschechien Czechy
61%
Neuseeland Nowa Zelandia
58%
Griechenland Grecja
56%
Ungarn Węgry
56%
Elfenbeinküste Wybrzeże Kości Słoniowej
21%
Nie znaleziono quizów pasujących do podanych kryteriów
Rozkład punktacji
Procent ludzi z każdym wynikiem
Percentyl według liczby udzielonych odpowiedzi
Twoja historia wyników
Nie rozwiązałeś tego quizu